Logo Biblioteca

Rembrandt / (Registro nro. 328)

Detalles MARC
000 -LEADER
fixed length control field 00697nam a22002177a 4500
003 - CONTROL NUMBER IDENTIFIER
control field OSt
005 - DATE AND TIME OF LATEST TRANSACTION
control field 20251201143931.0
008 - FIXED-LENGTH DATA ELEMENTS--GENERAL INFORMATION
fixed length control field 240917s2003 ag ||||| |||| 00| 0 spa d
020 ## - INTERNATIONAL STANDARD BOOK NUMBER
International Standard Book Number 84-89780-64-1
040 ## - CATALOGING SOURCE
Transcribing agency AR-RoUNCS
Original cataloging agency AR-RoUNCS
080 ## - UNIVERSAL DECIMAL CLASSIFICATION NUMBER
Authority record control number or standard number 75Rembrandt
245 00 - TITLE STATEMENT
Title Rembrandt /
Statement of responsibility, etc. presentación de Juan Carrete Parrondo.
250 ## - EDITION STATEMENT
Edition statement 1a ed.
260 ## - PUBLICATION, DISTRIBUTION, ETC.
Place of publication, distribution, etc. Milano :
Name of publisher, distributor, etc. Gen40,
Date of publication, distribution, etc. 2003.
300 ## - PHYSICAL DESCRIPTION
Extent 189 p. :
Other physical details il. col. ;
Dimensions 21 cm.
490 0# - SERIES STATEMENT
Series statement Los Grandes Genios de la Pintura ;
Volume/sequential designation 11
600 #7 - SUBJECT ADDED ENTRY--PERSONAL NAME
Source of heading or term embne
Personal name Rembrandt Harmenszoon van Rijn,
Dates associated with a name 1606-1669
General subdivision Cítica e interpretación
655 #7 - INDEX TERM--GENRE/FORM
Source of term embne
Genre/form data or focus term Catálogo de exposiciones
700 1# - ADDED ENTRY--PERSONAL NAME
Personal name Carrete Parrondo, Juan,
Dates associated with a name 1944-2023
942 ## - ADDED ENTRY ELEMENTS (KOHA)
Source of classification or shelving scheme Universal Decimal Classification
Koha item type Obra General
Suppress in OPAC No
Existencias
Withdrawn status Lost status Source of classification or shelving scheme Damaged status Not for loan Collection Home library Current library Date acquired Total checkouts Full call number Barcode Date last seen Price effective from Koha item type
    Universal Decimal Classification     Colección General Biblioteca Escuela de Ciencias Sociales Biblioteca Escuela de Ciencias Sociales 17/09/2024   75Rembrandt R385 001214 17/09/2024 17/09/2024 Obra General
Biblioteca de la Escuela Preuniversitaria en Ciencias Sociales y Humanísticas.
Riobamba 250 bis.
CP 2000 - Rosario - Santa Fe
E-Mail: biblioteca@esociales.unr.edu.ar